000 00807nam a2200205 a 4500
001 000041070
005 20201002034609.0
008 130917s2003 sp a 000 0 spa d
020 _a8400082044
040 _aDO-SdBNP
_bspa
_cBNPHU
100 1 _aPérez Ballester, José
_967567
245 1 3 _aLa cerámica de barniz negro del santuario de Juno en Gabii /
_cJosé Pérez Ballester.
260 _aRoma :
_bConsejo Superior de Investigaciones Científicas
_bEscuela Española de Historia y Arquilogía en Roma,
_c2003.
300 _a340 p. ;
_c30 cm.
490 1 _aArquelogia
_v8
504 _aBibliografía : p. 331-340
710 2 _aConsejo Superior de Investigaciones Científicas (España)
_915178
710 2 _aEscuela Española de Historia y Arquilogía en Roma
_967568
830 0 _aArquelogia
_n8
_967569
999 _c40560
_d40560